000 00913cam a22002295a 4500
001 L159400
008 170315s2013 xxk f 000 0 eng d
020 _a9780470655931
035 _a(Sirsi) u159400
041 0 _aeng
050 0 4 _a347.4107
100 1 _aHorne, Robert
245 0 4 _aThe expert witness in construction
260 _aChichester
_bWiley-Blackwell
_c2013
300 _axi, 358p 25 cm
520 _aExplains the role of the expert witness in the construction industry in legal and practical terms. Looks at independence and duties, dispute resolution methods, different types of experts, procedural and evidential rules. considers selection and appointment, writing reports, meetings with other experts, giving evidence and liabiity and immunity.
590 _aKA
651 4 _aEngland and Wales
_y1543-
690 _aDispute resolution
_96236
700 1 _aMullen, John
942 _n0
999 _c115867
_d115867